000
00270nam a22001097a 4500
082
_a
581 ROB'B
100
_a
ROBBINS, W. H,WEIER, T. E
_9
59532
245
_a
BOTANY AN INTRODUCTION TO PLANT SCIENCE
260
_a
NEWYORK
_b
JOHN WILEY
_c
1950
300
_a
480P
942
_c
BK
999
_c
569488
_d
569488